01010nam a22002417a 450000500170000001000130001702000230003003500130005303700160006604000120008208200400009410000720013424501180020624600520032426000750037627000910045130000530054250000400059565000490063565000430068465000240072765000170075120170124103000.0 aB-055700 c200.00a8170631262 aB-055700 bCen Lib/Ret aDPLbHN a821.08bशास्त्रीश aशास्त्री, ओमप्रकाश शर्मा  aकाव्य-सिद्धान्त /cओमप्रकाश शर्मा शास्त्री  aKavye-sidhdhant /bby Omprakash Sharma Shastri  bआर्य बुक डिपो c2001aनई दिल्ली  a30, नाईवाला, करोल बाग bनई दिल्ली e110005 a385पृ. c21सेमी (सजिल्द) aसंदर्भ शामिल  aहिन्दी -- साहित्य  aहिन्दी -- काव्य  aHindi -- Literature aHindi - Poem